000 00483nam a2200181Ia 4500
008 210719s2009 xx 000 0 und d
020 _a978-81-7108-637-5
041 _aeng
082 _a158.1 MAUM
100 _aMAURUS (J)
245 _aMake the most of your potential
260 _aMumbai
_bBetter yourself books
_c2009
300 _a227
_bPB
365 _b110
_cRs
650 _aApplied Psychology
650 _aApplied Psychology
906 _aMake ; most ; potential ; your
999 _c215885
_d215885